Statistics for 10 strongest countries of Africa!

Click here to take the quiz!

General Stats

  • This quiz has been taken 437 times
    (283 since last reset)
  • The average score is 8 of 10

Answer Stats

HintAnswer% Correct
Egypt
96%
South Africa
96%
Algeria
92%
Niger
91%
Nigeria
89%
Ethiopia
82%
Morocco
82%
Kenya
76%
Angola
65%
Tunisia
65%

Score Distribution

Percentile by Number Answered

Percent of People with Each Score

Your Score History

You have not taken this quiz since the last reset